Treacherous (TV) - Taylor Swift (All Lyrics) - Statistics

General Stats
  • This quiz has been taken 154 times
    146 since last reset
  • The average score is 244 of 272
Answer Stats
Lyrics % Correct
I
100%
I,
100%
is
100%
This
100%
treacherous
100%
a
99%
a--
99%
it
99%
the
99%
you
99%
you,
99%
And
97%
and
97%
your
97%
Your
97%
like
96%
As
94%
as
94%
But
92%
do
92%
I'll
92%
my
92%
reckless
92%
slope
92%
you're
92%
If
91%
if
91%
to
91%
don't
90%
get
90%
mine
90%
night
90%
they
90%
follow
89%
of
89%
Two
89%
alone
87%
be
87%
close
87%
home
87%
know
87%
lips
87%
long
87%
Put
87%
touch
87%
will
87%
with
87%
mind
86%
say
86%
anything
85%
away
85%
path
85%
hands
84%
I'd
84%
just
84%
quicksand
84%
should
84%
think
84%
too
84%
we
84%
Out
82%
shine
82%
All
81%
headlights
81%
sleepless
81%
through
81%
walk
81%
focus,
80%
it's
80%
can't
78%
dangerous
78%
has
78%
much
78%
That
78%
would
78%
are
77%
hear
77%
name
77%
eye
76%
nothing
76%
smart
76%
sound
76%
gravity's
75%
own
75%
stay
75%
'Til
75%
voice
75%
Asking
73%
bone
73%
drive
73%
skin
73%
worth
73%
decide
72%
echoed
72%
choice
71%
Getting
71%
hope
71%
safe
71%
flow
70%
going
68%
swept
68%
Forever
67%
friction
67%
along
66%
Trained
66%
daydream
62%
No matching quizzes found
Score Distribution
Percent of People with Each Score
Percentile by Number Answered
Your Score History
You have not taken this quiz since the last reset